49th Euroconstruct conference : trends in the European construction industry : summary. (Record no. 100785)

MARC details
000 -LEADER
fixed length control field 01949cam a2200433 4500
001 - CONTROL NUMBER
control field J108398
008 - FIXED-LENGTH DATA ELEMENTS--GENERAL INFORMATION
fixed length control field 000000n2000 000 0 eng u
035 ## - SYSTEM CONTROL NUMBER
System control number (Sirsi) u108398
050 ## - LIBRARY OF CONGRESS CALL NUMBER
Classification number 338.4369094
110 ## - MAIN ENTRY--CORPORATE NAME
Corporate name or jurisdiction name as entry element Euroconstruct
9 (RLIN) 2964
245 ## - TITLE STATEMENT
Title 49th Euroconstruct conference : trends in the European construction industry : summary.
260 ## - PUBLICATION, DISTRIBUTION, ETC.
Place of publication, distribution, etc. London
Name of publisher, distributor, etc. Construction Forecasting and Research Limited
Date of publication, distribution, etc. 2000
300 ## - PHYSICAL DESCRIPTION
Extent 221p. ; 30cm.
350 ## - PRICE (NR) (BK AM CF MU VM SE) [OBSOLETE]
Price 775.00
505 ## - FORMATTED CONTENTS NOTE
Formatted contents note European construction outlook to 2002 - Margaret Czerny
505 ## - FORMATTED CONTENTS NOTE
Formatted contents note European macroeconomic outlook - Georg Busch
505 ## - FORMATTED CONTENTS NOTE
Formatted contents note Housing in Europe - Erich Gluch
505 ## - FORMATTED CONTENTS NOTE
Formatted contents note Non-residential construction - Jacquie Cannon
505 ## - FORMATTED CONTENTS NOTE
Formatted contents note Civil engineering - Hans Georg Graf
505 ## - FORMATTED CONTENTS NOTE
Formatted contents note The construction sector in Eastern Europe - Anna Gaspar
505 ## - FORMATTED CONTENTS NOTE
Formatted contents note Construction markets of the Baltic countries - Pekka Pajakkala
505 ## - FORMATTED CONTENTS NOTE
Formatted contents note Construction industry in Japan/Asia - Hajime Suzuki
505 ## - FORMATTED CONTENTS NOTE
Formatted contents note Enabling housing strategies - Baris Der-Petrossian
505 ## - FORMATTED CONTENTS NOTE
Formatted contents note Housing policy : expected changes and trends - Patrick de La Morvonnais
505 ## - FORMATTED CONTENTS NOTE
Formatted contents note Reforms in Germany : from non-profit organisations to social market strategies - Jurgen Steinert
505 ## - FORMATTED CONTENTS NOTE
Formatted contents note Consequences of changes in housing policy inthe Netherlands - A.P. Buur
505 ## - FORMATTED CONTENTS NOTE
Formatted contents note Changes in housing policy in the EU : suggestions for Austria - Christian Donner
505 ## - FORMATTED CONTENTS NOTE
Formatted contents note The future of construction and housing construction financing - Erich Rainbacher
505 ## - FORMATTED CONTENTS NOTE
Formatted contents note The Spintab model - Hans Porner
505 ## - FORMATTED CONTENTS NOTE
Formatted contents note Real estate and infrastructure financing and the capital market - Bernd Riessland
520 ## - SUMMARY, ETC.
Summary, etc. The conference was held in Vienna, 8-9 June. For country reports see J108527
650 ## - SUBJECT ADDED ENTRY--TOPICAL TERM
Topical term or geographic name entry element ESTONIA
650 ## - SUBJECT ADDED ENTRY--TOPICAL TERM
Topical term or geographic name entry element LATVIA
650 ## - SUBJECT ADDED ENTRY--TOPICAL TERM
Topical term or geographic name entry element LITHUANIA
650 ## - SUBJECT ADDED ENTRY--TOPICAL TERM
Topical term or geographic name entry element JAPAN
690 ## - LOCAL SUBJECT ADDED ENTRY--TOPICAL TERM (OCLC, RLIN)
Topical term or geographic name as entry element BUILT ENVIRONMENT
856 ## - ELECTRONIC LOCATION AND ACCESS
Uniform Resource Identifier <a href="www.euroconstruct.com">www.euroconstruct.com</a>
942 ## - ADDED ENTRY ELEMENTS (KOHA)
Suppress in OPAC 0
Holdings
Withdrawn status Lost status Source of classification or shelving scheme Damaged status Not for loan Home library Current library Shelving location Date acquired Cost, normal purchase price Total Checkouts Full call number Barcode Date last seen Copy number Cost, replacement price Price effective from Koha item type
    Dewey Decimal Classification     London London Folio 28/09/2000 775.00   F338.4369094 EUR 30062131 06/08/2019 1 775.00 06/08/2019 Reference material